000 00471nam a2200181Ia 4500
003 GCL
005 20240530100825.0
008 140319s9999 xx 000 0 eng d
040 _aGCL /
_cGCL
082 0 4 _a748.5028
_bK S
100 1 _aKOPPEL, NIKOLAUS
245 1 0 _aSTAINED GLASS : PROJECTS FOR THE HOME /
_cKOPPEL, NIKOLAUS
260 _a[S.N] :
_bBLANDFORD PRESS ،
_c1991
300 _a80 P
650 0 4 _aDRAWING
650 0 4 _aSTAINED, GLASS
942 _2ddc
_cBK
999 _c21360
_d21360